| 000 | 00739nmc a2200301 a 4500 | ||
|---|---|---|---|
| 003 | AR-BaBNM | ||
| 005 | 20251128210925.0 | ||
| 008 | 261020s2000 ||||||||||||||000 | spa|| | ||
| 020 | _a950-739-824-4 | ||
| 040 | _cAR-BaBNM | ||
| 100 | 1 | _aShakespeare, William | |
| 245 | 1 | 0 | _aShakespeare enamorado |
| 260 |
_aBuenos Aires _bErrepar _c2000 |
||
| 300 | 0 |
_a153 p. _bil. |
|
| 490 | 0 | _aPoetas enamorados | |
| 650 | 4 | _aLITERATURA INGLESA | |
| 650 | 4 | _aESCRITORES | |
| 650 | 4 | _aPOESIA | |
| 650 | 4 | _aRENACIMIENTO | |
| 650 | 4 | _aANTOLOGIAS | |
| 653 | _aINFLUENCIA GRECOLATINA | ||
| 653 | _aSONETO | ||
| 653 | _aPOESIA AMOROSA | ||
| 655 | _aLITERATURA | ||
| 700 | 1 |
_aTello, Nerio _eprologuista |
|
| 942 | _cBK | ||
| 998 | _cMARTIN | ||
| 999 |
_c17481 _d17481 |
||